| 000 | 00335nam a22001097a 4500 | ||
|---|---|---|---|
| 008 | 230424b |||||||| |||| 00| 0 eng d | ||
| 040 |
_aNational Science Library _cNational Science Library |
||
| 245 | _aJournal of tropical agriculture | ||
| 260 |
_aKerala: _bKerala Agricultural University, _c1962 |
||
| 310 | _aHalf-yearly | ||
| 942 | _cCR | ||
| 999 |
_c22474 _d22474 |
||